Internatioal Combustion Fundamentals (Record no. 18559)
[ view plain ]
| 000 -LEADER | |
|---|---|
| fixed length control field | 00420nam a22001697a 4500 |
| 005 - DATE AND TIME OF LATEST TRANSACTION | |
| control field | 20230601171702.0 |
| 008 - FIXED-LENGTH DATA ELEMENTS--GENERAL INFORMATION | |
| fixed length control field | 230601b |||||||| |||| 00| 0 eng d |
| 020 ## - INTERNATIONAL STANDARD BOOK NUMBER | |
| ISBN | 9781259002076 |
| 082 ## - DEWEY DECIMAL CLASSIFICATION NUMBER | |
| Classification number | 621.382 |
| Item number | HEY-I |
| 100 ## - MAIN ENTRY--AUTHOR | |
| Author Name | Heywood,John.B |
| 245 ## - TITLE STATEMENT | |
| Title | Internatioal Combustion Fundamentals |
| 260 ## - PUBLICATION, DISTRIBUTION, ETC. | |
| Place of Publication | India |
| Name of publisher, distributor, etc. | McGrawHILL |
| Date of publication, distribution, etc. | 2017 |
| 300 ## - PHYSICAL DESCRIPTION | |
| Pages | 930 |
| 650 ## - SUBJECT ADDED ENTRY--TOPICAL TERM | |
| Subject / Department | Engineering |
| 700 ## - ADDED ENTRY--PERSONAL NAME | |
| Personal name | John B.Heywood |
| 952 ## - LOCATION AND ITEM INFORMATION (KOHA) | |
| -- | 0 |
| -- | 0 |
| 952 ## - LOCATION AND ITEM INFORMATION (KOHA) | |
| -- | 0 |
| -- | 0 |
| Lost status | Damaged status | Permanent Location | Current Location | Shelving Location | Date acquired | Full Call Number | Accession No./Barcode | Date last seen | Copy number | item type |
|---|---|---|---|---|---|---|---|---|---|---|
| Superior Information Resource Center (SIRC) Superior University- Main Campus | Superior Information Resource Center (SIRC) Superior University- Main Campus | Engineering | 06/01/2023 | 621.43 HEY-I 2017 | 15305 | 06/01/2023 | 1 | BOOK | ||
| Superior Information Resource Center (SIRC) Superior University- Main Campus | Superior Information Resource Center (SIRC) Superior University- Main Campus | Engineering | 06/01/2023 | 621.43 HEY-I 2017 | 15306 | 06/01/2023 | 2 | BOOK |
